Préfixes grecs dans la langue française - Statistiques

Statistiques générales
  • Ce quiz a été pris 99 fois
  • Le résultat moyen est 7 sur 22
Statistiques - réponses
Hint Explanation Réponse % Correct
Anti (exemple : antipathie) Contre
80%
Archi (exemple : archiprêtre) Supériorité
62%
Hémi (exemple : hémisphère) Demi
59%
Hypo (exemple : hypodermique) Au-dessous
58%
Hyper (exemple : hypermarché) Au-dessus
51%
Exo (exemple : exothermique) En dehors
51%
Peri (exemple : périmètre) Autour
46%
Dys (exemple : dyspepsie) Difficulté
45%
Endo (exemple : endomorphisme) En dedans
44%
A, an (exemple : aphone) Privation
38%
Para (exemple : parasite) Contre, Auprès
27%
Sy, syn, sym (exemple : sympathie) Avec
25%
Dia (exemple : diagonale) À travers
21%
Em, en (exemple : encéphale) Dans
21%
Amphi (exemple : amphibie) Autour, doublement
17%
Eu (exemple : euphorie) Agréable
14%
Epi (exemple : épiphénomène) Sur
14%
E, ec (exemple : émigré) Hors de
13%
Méta (exemple : métaphysique) Après
7%
Ana (exemple : anagramme) Changement
4%
Apo (exemple : apogée) Éloignement
4%
Cata (exemple : catacombes) En bas
4%
Aucun quiz correspondant
Distribution des résultats
% des personnes avec chaque résultat
Percentile par nombre de réponses
Votre historique - résultats
Vous n’avez pas pris ce quiz